000 01426cam a22003615a 4500
001 14641877
003 EG-ScBUE
005 20220524100026.0
008 061121t2008 nyua f 001 0 eng d
020 _a9780194761024 (v. 2 : student bk. : pbk.)
020 _a0194761029 (v. 2 : student bk. : pbk.)
040 _aDLC
_beng
_erda
_cDLC
_dIG#
_dBTCTA
_dBAKER
_dYDXCP
_dVP@
_dDLC
_dEG-ScBUE
082 0 4 _a428.24
_222
_bDOB
100 1 _aDobiecka, Kate,
_eauthor.
245 1 0 _aWell read.
_n2,
_pSkills and strategies for reading /
_cKate Dobiecka, Karen Wiederholt.
246 3 0 _aSkills and strategies for reading
264 1 _aNew York ;
_aOxford :
_bOxford University Press,
_c[2008]
264 4 _cc2008
300 _axiii, 162 pages :
_billustrations ;
_c28 cm
336 _2rdacontent
_atext
_btxt
337 _2rdamedia
_aunmediated
_bn
338 _2rdacarrier
_avolume
_bnc
500 _aIncludes index.
650 7 _aEnglish language
_vTextbooks for foreign speakers.
_2BUEsh
650 7 _aReading comprehension
_xProblems, exercises, etc.
_2BUEsh
651 _2BUEsh
653 _bHHUUEENN
_cMay2018
655 _vReading book
_934232
700 1 _aWiederholt, Karen,
_eauthor.
906 _a7
_bcbc
_corignew
_d1
_eecip
_f20
_gy-gencatlg
942 _2ddc
_cBB
999 _c26685
_d26657